Logos de football (niveau 1) - Statistiques

Statistiques générales
  • Ce quiz a été pris 212 fois
  • Le résultat moyen est 22 sur 24
Statistiques - réponses
Par images Réponse % Correct
PSG
100%
FC Barcelone
99%
Real Madrid
99%
Olympique de Marseille
98%
Olympique Lyonnais
98%
Liverpool
97%
Manchester United
97%
Arsenal
96%
Bayern Munich
96%
Manchester City
96%
Juventus
95%
Inter Milan
92%
AC Milan
91%
AS Rome
91%
Borussia Dortmund
91%
Chelsea
90%
Atlético Madrid
87%
Monaco
86%
Napoli
86%
Tottenham
82%
Bayer Leverkusen
75%
Lazio
75%
Valencia CF
74%
Schalke 04
62%
Aucun quiz correspondant
Distribution des résultats
% des personnes avec chaque résultat
Percentile par nombre de réponses
Votre historique - résultats
Vous n’avez pas pris ce quiz